书目信息 |
| 题名: |
网络综合布线
|
|
| 作者: | 宁晓青 , 宋协栋 , 朱海水 主编 | |
| 分册: | ||
| 出版信息: | 上海 上海交通大学出版社 2017 |
|
| 页数: | 334页 | |
| 开本: | 26cm | |
| 丛书名: | ||
| 单 册: | ||
| 中图分类: | TP393.033 , TP393.03 | |
| 科图分类: | ||
| 主题词: | 计算机网络--布线 | |
| 电子资源: | ||
| ISBN: | 978-7-313-17581-6 | |
| 000 | 00961nam0 2200265 450 | |
| 001 | 2345196077 | |
| 005 | 20231220123351.04 | |
| 010 | @a978-7-313-17581-6@d45.00CNY | |
| 100 | @a20180126d2017 em y0chiy0120 ea | |
| 101 | 0 | @achi |
| 102 | @aCN@b310000 | |
| 105 | @aak z 000yy | |
| 200 | 1 | @a网络综合布线@Awang luo zong he bu xian@b专著@f宁晓青,宋协栋,朱海水主编 |
| 210 | @a上海@c上海交通大学出版社@d2017 | |
| 215 | @a334页@c图@d26cm | |
| 300 | @a精品课程配套教材 21世纪应用型人才培养“十三五”规划教材 “双创”型人才培养优秀教材 | |
| 330 | @a本书内容由综合布线技术和综合布线实训两篇共8个项目组成,教材最后的附录中加入了招投标文件、综合布线系统设计方案和综合布线技能大赛试题。 | |
| 606 | 0 | @a计算机网络@x布线 |
| 690 | @aTP393.033@v5 | |
| 690 | @aTP393.03@v4 | |
| 701 | 0 | @a宁晓青@Aning xiao qing@4主编 |
| 701 | 0 | @a宋协栋@Asong xie dong@4主编 |
| 701 | 0 | @a朱海水@Azhu hai shui@4主编 |
| 801 | 2 | @aCN@b辽宁北配@c20231205 |
| 905 | @aBZT@dTP393.03@e6 | |
| 网络综合布线/宁晓青,宋协栋,朱海水主编.-上海:上海交通大学出版社,2017 |
| 334页:图;26cm |
| 精品课程配套教材 21世纪应用型人才培养“十三五”规划教材 “双创”型人才培养优秀教材 |
| ISBN 978-7-313-17581-6:45.00CNY |
| 本书内容由综合布线技术和综合布线实训两篇共8个项目组成,教材最后的附录中加入了招投标文件、综合布线系统设计方案和综合布线技能大赛试题。 |
| ● |
| 相关链接 |
|
|
|
正题名:网络综合布线
索取号:TP393.03/6
 
预约/预借
| 序号 | 登录号 | 条形码 | 馆藏地/架位号 | 状态 | 备注 |
| 1 | 2001606949 | 2001606949 | 辽三/辽宁北配(第三批)/2304/ [索取号:TP393.03/6] | 在馆 | |
| 2 | 2001606950 | 2001606950 | 辽三/辽宁北配(第三批)/2304/ [索取号:TP393.03/6] | 在馆 | |
| 3 | 2001606951 | 2001606951 | 辽三/辽宁北配(第三批)/2304/ [索取号:TP393.03/6] | 在馆 | |
| 4 | 2001606952 | 2001606952 | 辽三/辽宁北配(第三批)/2304/ [索取号:TP393.03/6] | 在馆 | |
| 5 | 2001606953 | 2001606953 | 辽三/辽宁北配(第三批)/2304/ [索取号:TP393.03/6] | 在馆 | |
| 6 | 2001606954 | 2001606954 | 辽三/辽宁北配(第三批)/2304/ [索取号:TP393.03/6] | 在馆 | |
| 7 | 2001606955 | 2001606955 | 辽三/辽宁北配(第三批)/2304/ [索取号:TP393.03/6] | 在馆 | |
| 8 | 2001606956 | 2001606956 | 辽三/辽宁北配(第三批)/2304/ [索取号:TP393.03/6] | 在馆 | |
| 9 | 2001606957 | 2001606957 | 辽三/辽宁北配(第三批)/2304/ [索取号:TP393.03/6] | 在馆 | |
| 10 | 2001606958 | 2001606958 | 辽三/辽宁北配(第三批)/2304/ [索取号:TP393.03/6] | 在馆 | |
| 11 | 2001606959 | 2001606959 | 辽三/辽宁北配(第三批)/2304/ [索取号:TP393.03/6] | 在馆 | |
| 12 | 2001606960 | 2001606960 | 辽三/辽宁北配(第三批)/2304/ [索取号:TP393.03/6] | 在馆 | |
| 13 | 2001606961 | 2001606961 | 辽三/辽宁北配(第三批)/2304/ [索取号:TP393.03/6] | 在馆 | |
| 14 | 2001606962 | 2001606962 | 辽三/辽宁北配(第三批)/2304/ [索取号:TP393.03/6] | 在馆 | |
| 15 | 2001606963 | 2001606963 | 辽三/辽宁北配(第三批)/2304/ [索取号:TP393.03/6] | 在馆 | |
| 16 | 2001606964 | 2001606964 | 辽三/辽宁北配(第三批)/2304/ [索取号:TP393.03/6] | 在馆 | |
| 17 | 2001606965 | 2001606965 | 辽三/辽宁北配(第三批)/2304/ [索取号:TP393.03/6] | 在馆 | |
| 18 | 2001606966 | 2001606966 | 辽三/辽宁北配(第三批)/2304/ [索取号:TP393.03/6] | 在馆 | |
| 19 | 2001606967 | 2001606967 | 辽三/辽宁北配(第三批)/2304/ [索取号:TP393.03/6] | 在馆 | |
| 20 | 2001606968 | 2001606968 | 辽三/辽宁北配(第三批)/2304/ [索取号:TP393.03/6] | 在馆 | |
| 21 | 2001606969 | 2001606969 | 辽三/辽宁北配(第三批)/2304/ [索取号:TP393.03/6] | 在馆 | |
| 22 | 2001606970 | 2001606970 | 辽三/辽宁北配(第三批)/2304/ [索取号:TP393.03/6] | 在馆 | |
| 23 | 2001606971 | 2001606971 | 辽三/辽宁北配(第三批)/2304/ [索取号:TP393.03/6] | 在馆 | |
| 24 | 2001606972 | 2001606972 | 辽三/辽宁北配(第三批)/2304/ [索取号:TP393.03/6] | 在馆 |